[Event "Monsaraz Rapid op"]
[Site "Monsaraz"]
[Date "2023.11.25"]
[Round "4"]
[White "Oliveira, Marco Alexandre Aze"]
[Black "Silva, Miguel Antonio Neto"]
[Result "0-1"]
[WhiteElo "1989"]
[BlackElo "2211"]
[PlyCount "68"]
[EventDate "2023.11.25"]
[EventType "swiss (rapid)"]
[EventRounds "9"]
[EventCountry "POR"]
[SourceTitle "CB48_2023"]
[SourceDate "2023.11.29"]
[SourceVersion "1"]
[SourceVersionDate "2023.11.29"]
[SourceQuality "1"]

1. Nf3 c5 2. e4 e6 3. d4 cxd4 4. c3 d3 5. Qxd3 Nc6 6. g3 Nf6 7. e5 Nd5 8. Bg2 d6 9. exd6 Bxd6 10. 0-0 0-0 11. a3 h6 12. Rd1 Bc7 13. Qe2 Qe7 14. c4 Nf6 15. b4 e5 16. b5 Na5 17. Nc3 Nb3 18. Rb1 Nxc1 19. Rbxc1 Re8 20. Nd5 Nxd5 21. cxd5 Bd6 22. a4 a6 23. b6 a5 24. Re1 Bd7 25. Qa2 Rac8 26. Bf1 Rxc1 27. Rxc1 e4 28. Re1 Qd8 29. Nd2 e3 30. Nc4 exf2+ 31. Qxf2 Rxe1 32. Qxe1 Bc5+ 33. Kg2 Bxa4 34. Qxa5 Qxd5+ 0-1

[Event "POR-chT2"]
[Site "Maia"]
[Date "2018.07.21"]
[Round "1.1"]
[White "Dionizio, Andre Filipe Nascim"]
[Black "Oliveira, Marco Alexandre Aze"]
[Result "0-1"]
[WhiteElo "2029"]
[BlackElo "2007"]
[PlyCount "110"]
[EventDate "2018.07.21"]
[EventType "team-tourn"]
[EventRounds "3"]
[EventCountry "POR"]
[SourceTitle "CBM 185 Extra"]
[Source "ChessBase"]
[SourceDate "2018.07.29"]
[SourceVersion "1"]
[SourceVersionDate "2018.07.29"]
[SourceQuality "1"]
[WhiteTeam "Coimbra"]
[BlackTeam "Montemor o Novo"]
[WhiteTeamCountry "POR"]
[BlackTeamCountry "POR"]

1. Nf3 c5 2. b3 Nf6 3. e3 g6 4. Bb2 Bg7 5. Be2 0-0 6. 0-0 d5 7. d4 Ne4 8. Nbd2 Nc6 9. c4 Nxd2 10. Qxd2 cxd4 11. exd4 Bg4 12. Rfd1 e6 13. h3 Bxf3 14. Bxf3 Re8 15. Rac1 Ne7 16. Qb4 Rb8 17. Qa4 a6 18. Re1 b5 19. Qxa6 bxc4 20. Qa4 Ra8 21. Qb5 Rb8 22. Qa4 Qb6 23. Ba1 cxb3 24. Rb1 Ra8 25. Qxb3 Qxb3 26. axb3 Nc6 27. Red1 Reb8 28. Bc3 Bf8 29. Rdc1 Nb4 30. Bd2 Ra2 31. Bf4 Rba8 32. Rc7 Nd3 33. Bg3 Bg7 34. Rc3 Nb4 35. Rd1 Ra1 36. Rxa1 Rxa1+ 37. Kh2 Bxd4 38. Rc8+ Kg7 39. Bd6 Nd3 40. Rc2 Be5+ 41. Bxe5+ Nxe5 42. Be2 Rb1 43. f4 Nd7 44. Bb5 Nf6 45. Ba4 Rf1 46. g3 h5 47. Rb2 Ra1 48. Bc6 Ra6 49. Ba4 d4 50. Rd2 Rd6 51. Kg2 Ne4 52. Rd1 Nc3 53. Rd3 f6 54. Kf3 e5 55. fxe5 fxe5 0-1

[Event "Portuguese Honra"]
[Site "Lisbon"]
[Date "2017.01.22"]
[Round "9"]
[White "Oliveira, Marco Alexandre Aze"]
[Black "Santos, Julio Fernandes"]
[Result "1/2-1/2"]
[WhiteElo "2049"]
[BlackElo "1894"]
[PlyCount "99"]
[EventDate "2017.01.15"]
[EventType "tourn"]
[EventRounds "9"]
[EventCountry "POR"]
[SourceTitle "CBM 176 Extra"]
[Source "ChessBase"]
[SourceDate "2017.03.02"]
[SourceVersion "1"]
[SourceVersionDate "2017.03.02"]
[SourceQuality "1"]

1. d4 d5 2. c4 c6 3. Nc3 Nf6 4. Nf3 h6 5. Bf4 Bf5 6. Qb3 Qb6 7. Qxb6 axb6 8. cxd5 Nxd5 9. Nxd5 cxd5 10. e3 Bd7 11. Ne5 Bc6 12. Be2 e6 13. Nd3 Be7 14. 0-0 0-0 15. Rfc1 f6 16. b4 Bb5 17. Rc7 Bxb4 18. Nxb4 Bxe2 19. Rxb7 b5 20. Re7 Na6 21. Bd6 Rfc8 22. Nxa6 Rxa6 23. Bc5 Rb8 24. Bb4 Rc8 25. a3 Rc4 26. Re1 Rc2 27. h3 Bc4 28. e4 dxe4 29. Rxe4 Bd5 30. Rg4 g5 31. Rg3 Re2 32. h4 Re4 33. hxg5 hxg5 34. Bc5 Rh4 35. f3 Ra4 36. Bb4 Rxd4 37. Rh3 Rh4 38. Rxh4 gxh4 39. Kh2 Ra8 40. Kh3 Kh8 41. Kxh4 Rg8 42. Kh3 Rg7 43. Rxg7 Kxg7 44. Kg3 e5 45. Kf2 f5 46. g3 Kf6 47. Ke3 Ke6 48. Bf8 Bc6 49. Bb4 Kf6 50. Bf8 1/2-1/2

[Event "Portuguese Honra"]
[Site "Lisbon"]
[Date "2017.01.18"]
[Round "5"]
[White "Martins, Bruno Andre Leite"]
[Black "Oliveira, Marco Alexandre Aze"]
[Result "1-0"]
[WhiteElo "1847"]
[BlackElo "2049"]
[PlyCount "91"]
[EventDate "2017.01.15"]
[EventType "tourn"]
[EventRounds "9"]
[EventCountry "POR"]
[SourceTitle "CBM 176 Extra"]
[Source "ChessBase"]
[SourceDate "2017.03.02"]
[SourceVersion "1"]
[SourceVersionDate "2017.03.02"]
[SourceQuality "1"]

1. e4 d6 2. d4 Nf6 3. Nc3 g6 4. Nf3 c6 5. a4 Bg7 6. Be2 0-0 7. 0-0 Nbd7 8. b3 c5 9. Bb2 cxd4 10. Nxd4 Ne5 11. Qd2 Bd7 12. f3 a6 13. Nd5 Bc6 14. Nxf6+ Bxf6 15. Rad1 Qc7 16. Kh1 Nd7 17. Ba1 Rfc8 18. c4 Rd8 19. Nc2 Bxa1 20. Rxa1 Nc5 21. Qc3 Rac8 22. Rfc1 Ne6 23. Ne3 Nf4 24. Bf1 e5 25. b4 Qe7 26. Qd2 b6 27. b5 axb5 28. cxb5 Ba8 29. Rxc8 Rxc8 30. Rd1 Rd8 31. Nc4 d5 32. Nxb6 d4 33. a5 f5 34. Nxa8 Rxa8 35. b6 fxe4 36. fxe4 Qb7 37. Qb4 d3 38. Bxd3 Nxd3 39. Rxd3 Qc6 40. Qb3+ Kg7 41. Qd5 Qc2 42. Qxe5+ Kg8 43. Qd5+ Kg7 44. Qb7+ Kf6 45. Rf3+ Kg5 46. Qe7+ 1-0

[Event "Portuguese Honra"]
[Site "Lisbon"]
[Date "2017.01.17"]
[Round "4"]
[White "Oliveira, Marco Alexandre Aze"]
[Black "Santos, Micael Costa"]
[Result "1-0"]
[WhiteElo "2049"]
[BlackElo "1936"]
[PlyCount "65"]
[EventDate "2017.01.15"]
[EventType "tourn"]
[EventRounds "9"]
[EventCountry "POR"]
[SourceTitle "CBM 176 Extra"]
[Source "ChessBase"]
[SourceDate "2017.03.02"]
[SourceVersion "1"]
[SourceVersionDate "2017.03.02"]
[SourceQuality "1"]

1. d4 Nf6 2. Nf3 c5 3. c4 cxd4 4. Nxd4 Nc6 5. Nc3 g6 6. e4 d6 7. Be2 Bg7 8. Be3 0-0 9. 0-0 Bd7 10. f3 a6 11. Qd2 Re8 12. Rad1 Qb8 13. Nc2 Rc8 14. Na4 Nd4 15. Nb6 Nxe2+ 16. Qxe2 Be6 17. Nxc8 Qxc8 18. b3 b5 19. Nd4 Bd7 20. Rc1 Qb7 21. c5 dxc5 22. Rxc5 e5 23. Nc2 Be6 24. Ne1 Nd7 25. Rc2 Bf8 26. Nd3 a5 27. Rfc1 a4 28. Rc7 Qb8 29. bxa4 Rxa4 30. Rc8 Rxa2 31. Qxa2 Qxc8 32. Rxc8 Bxa2 33. Nc5 1-0

[Event "Almada op 3rd"]
[Site "Almada"]
[Date "2007.??.??"]
[Round "2"]
[White "Mira, Vitor"]
[Black "Oliveira, Marco Alexandre Aze"]
[Result "0-1"]
[WhiteElo "1730"]
[BlackElo "2111"]
[PlyCount "70"]
[EventDate "2007.??.??"]
[EventType "swiss"]
[EventRounds "7"]
[EventCountry "POR"]
[SourceTitle "EXT 2010"]
[Source "ChessBase"]
[SourceDate "2010.11.25"]
[SourceVersion "1"]
[SourceVersionDate "2010.11.25"]
[SourceQuality "1"]

1. e4 c5 2. Nf3 Nc6 3. d4 cxd4 4. Nxd4 g6 5. Nc3 Bg7 6. Be3 Nf6 7. Qd2 Ng4 8. Nxc6 bxc6 9. 0-0-0 Nxe3 10. Qxe3 Qa5 11. Bc4 d6 12. f4 Rb8 13. Bb3 Bd7 14. Rhe1 0-0 15. e5 d5 16. Na4 Rb5 17. h3 e6 18. g4 c5 19. c4 d4 20. Qd2 Rb4 21. Nxc5 Qxc5 22. Qxd4 Qxd4 23. Rxd4 Bc6 24. g5 Rc8 25. Red1 Bd5 26. Kb1 Bc6 27. Rd8+ Rxd8 28. Rxd8+ Bf8 29. Kc2 Kg7 30. a3 Rb7 31. Kc3 Bg2 32. h4 Bc5 33. Rd2 Bc6 34. Bc2 Be3 35. b4 Bxd2+ 0-1

[Event "Almada op 3rd"]
[Site "Almada"]
[Date "2007.??.??"]
[Round "5"]
[White "Oliveira, Marco Alexandre Aze"]
[Black "Morais, Vitor Mestre"]
[Result "1/2-1/2"]
[WhiteElo "2111"]
[BlackElo "2058"]
[PlyCount "38"]
[EventDate "2007.??.??"]
[EventType "swiss"]
[EventRounds "7"]
[EventCountry "POR"]
[SourceTitle "EXT 2010"]
[Source "ChessBase"]
[SourceDate "2010.11.25"]
[SourceVersion "1"]
[SourceVersionDate "2010.11.25"]
[SourceQuality "1"]

1. e4 d6 2. d4 Nf6 3. Nc3 g6 4. f4 Bg7 5. Nf3 0-0 6. Bd3 Bg4 7. h3 Bxf3 8. Qxf3 Nc6 9. Be3 e5 10. fxe5 dxe5 11. d5 Nd4 12. Qf2 Nd7 13. g4 Nc5 14. 0-0-0 Nxd3+ 15. Rxd3 Qe7 16. Ne2 c5 17. c3 Nxe2+ 18. Qxe2 b6 19. Rdd1 Rad8 1/2-1/2

[Event "POR-chB"]
[Site "Vila Real"]
[Date "2005.08.09"]
[Round "7"]
[White "Oliveira, Marco Alexandre Aze"]
[Black "Carneiro, Carlos Alberto Carv"]
[Result "1/2-1/2"]
[WhiteElo "2115"]
[BlackElo "2234"]
[PlyCount "86"]
[EventDate "2005.08.03"]
[EventType "swiss"]
[EventRounds "9"]
[EventCountry "POR"]
[SourceTitle "CBM 107 Extra"]
[Source "ChessBase"]
[SourceDate "2005.09.01"]
[SourceVersion "1"]
[SourceVersionDate "2005.09.01"]
[SourceQuality "1"]

1. d4 Nf6 2. c4 g6 3. Nc3 Bg7 4. e4 d6 5. Nf3 0-0 6. Be2 Nbd7 7. 0-0 e5 8. dxe5 dxe5 9. Qc2 c6 10. b3 Re8 11. Rd1 Qc7 12. Ba3 Bf8 13. Bb2 a5 14. Na4 Nc5 15. Nxc5 Bxc5 16. h3 Nh5 17. Bf1 Nf4 18. Kh2 f6 19. a3 Qe7 20. Qd2 g5 21. g3 Ng6 22. Bc3 g4 23. Ne1 Be6 24. b4 axb4 25. axb4 Rxa1 26. Rxa1 Rd8 27. Qb2 Bd4 28. c5 gxh3 29. Nf3 Bg4 30. Nxd4 exd4 31. Bxd4 Qxe4 32. Bxf6 Rd7 33. Qc3 Be6 34. Re1 Qf5 35. Bd4 Qd5 36. Rxe6 Qxd4 37. Qxd4 Rxd4 38. b5 Kf7 39. Re1 cxb5 40. Bxb5 Rb4 41. Be8+ Kf6 42. Bxg6 hxg6 43. Kxh3 Rc4 1/2-1/2

[Event "POR-ch Apuramento"]
[Site "Portugal"]
[Date "2003.??.??"]
[Round "2"]
[White "Guerreiro, Nuno M"]
[Black "Oliveira, Marco Alexandre Aze"]
[Result "1-0"]
[WhiteElo "1885"]
[BlackElo "2160"]
[PlyCount "89"]
[EventDate "2003.??.??"]
[EventType "swiss"]
[EventRounds "9"]
[EventCountry "POR"]
[SourceTitle "EXT 2007"]
[Source "ChessBase"]
[SourceDate "2006.11.23"]
[SourceVersion "1"]
[SourceVersionDate "2006.11.23"]
[SourceQuality "1"]

1. d4 Nf6 2. Nf3 c5 3. dxc5 Na6 4. Be3 e6 5. g3 Ng4 6. Bd4 Nxc5 7. Bg2 d5 8. 0-0 Nf6 9. Ne5 Bd6 10. Nd2 Ncd7 11. Ndf3 0-0 12. Rc1 Nxe5 13. Nxe5 Nd7 14. f4 Bxe5 15. fxe5 b5 16. Qd3 b4 17. e4 Nb6 18. Rf4 Bb7 19. Rh4 g6 20. Qe3 h5 21. Rf1 Kg7 22. Rf6 Rh8 23. Rhf4 Rf8 24. Bc5 Qc7 25. Bxf8+ Rxf8 26. Qf2 dxe4 27. Bxe4 Bxe4 28. Rxe4 Nd5 29. Rf3 Ne7 30. Rxb4 Qxe5 31. Qd4 Qxd4+ 32. Rxd4 Nf5 33. Rd7 Rc8 34. Rf2 e5 35. Rxa7 e4 36. Rd7 e3 37. Re2 Rc4 38. b3 Re4 39. c3 Kf6 40. a4 Ke6 41. Rd3 g5 42. a5 Kf6 43. b4 g4 44. a6 Re7 45. b5 1-0

[Event "POR-ch Apuramento"]
[Site "Portugal"]
[Date "2003.??.??"]
[Round "1"]
[White "Oliveira, Marco Alexandre Aze"]
[Black "Diogo, Antonio Manuel Mame"]
[Result "1-0"]
[WhiteElo "2160"]
[BlackElo "1985"]
[PlyCount "51"]
[EventDate "2003.??.??"]
[EventType "swiss"]
[EventRounds "9"]
[EventCountry "POR"]
[SourceTitle "EXT 2007"]
[Source "ChessBase"]
[SourceDate "2006.11.23"]
[SourceVersion "1"]
[SourceVersionDate "2006.11.23"]
[SourceQuality "1"]

1. Nf3 c5 2. e4 Nc6 3. d4 cxd4 4. Nxd4 Nf6 5. Nc3 e5 6. Ndb5 d6 7. a4 a6 8. Na3 Be6 9. Bg5 Be7 10. Bxf6 gxf6 11. Bc4 Nd4 12. Nd5 Rc8 13. c3 Nc6 14. Qh5 0-0 15. Rd1 Kh8 16. Rd3 Rg8 17. Rg3 Rxg3 18. hxg3 Qg8 19. Ne3 Na5 20. Bd5 Nc6 21. Nac2 b5 22. axb5 axb5 23. Nf5 Bf8 24. Nce3 Nd8 25. Ng4 Bg7 26. Ne7 1-0

[Event "POR-ch Apuramento"]
[Site "Portugal"]
[Date "2003.??.??"]
[Round "7"]
[White "Oliveira, Marco Alexandre Aze"]
[Black "Ferreira, Alberto Paulo de Me"]
[Result "0-1"]
[WhiteElo "2160"]
[BlackElo "2095"]
[PlyCount "58"]
[EventDate "2003.??.??"]
[EventType "swiss"]
[EventRounds "9"]
[EventCountry "POR"]
[SourceTitle "EXT 2007"]
[Source "ChessBase"]
[SourceDate "2006.11.23"]
[SourceVersion "1"]
[SourceVersionDate "2006.11.23"]
[SourceQuality "1"]

1. e4 c5 2. Nf3 d6 3. d4 cxd4 4. Nxd4 Nf6 5. Nc3 a6 6. a4 e5 7. Nb3 Be6 8. Bg5 Nbd7 9. Be2 h6 10. Be3 Rc8 11. f3 Qc7 12. a5 Be7 13. Qd2 Qc6 14. Rd1 Bd8 15. Ra1 d5 16. exd5 Bxd5 17. 0-0 Qe6 18. Rfd1 Bxb3 19. cxb3 Qxb3 20. Ne4 Be7 21. Rac1 0-0 22. Nxf6+ Nxf6 23. Bd3 Bb4 24. Qe2 Rfd8 25. Bb6 Rxc1 26. Rxc1 Qxd3 27. Qxe5 Bd6 28. Qe1 Re8 29. Qf2 Bf4 0-1

[Event "Almada"]
[Site "Almada"]
[Date "2003.??.??"]
[Round "?"]
[White "Oliveira, Marco Alexandre Aze"]
[Black "Morais, Vitor Mestre"]
[Result "0-1"]
[WhiteElo "2161"]
[BlackElo "2101"]
[PlyCount "122"]
[EventDate "2003.??.??"]
[EventType "tourn"]
[EventRounds "9"]
[EventCountry "POR"]
[SourceTitle "EXT 2007"]
[Source "ChessBase"]
[SourceDate "2006.11.23"]
[SourceVersion "1"]
[SourceVersionDate "2006.11.23"]
[SourceQuality "1"]

1. Nf3 f5 2. d4 Nf6 3. c4 g6 4. Nc3 Bg7 5. g3 0-0 6. Bg2 d6 7. Qc2 c6 8. 0-0 Na6 9. Rd1 Qe8 10. Bf4 h6 11. h4 Nh5 12. d5 Bd7 13. Rac1 Qf7 14. Qd2 Kh7 15. Nd4 Rac8 16. Bf3 Nxf4 17. Qxf4 Be5 18. Qd2 f4 19. Kg2 fxg3 20. fxg3 cxd5 21. cxd5 Nc5 22. Rf1 Qg7 23. e3 g5 24. h5 g4 25. Be2 Qg5 26. b4 Na6 27. Bd3+ Kh8 28. Bg6 Bg7 29. a3 Rxf1 30. Rxf1 Nc7 31. Nde2 Qe5 32. Rc1 Ne8 33. Ne4 Rxc1 34. Qxc1 Qxd5 35. Nf4 Qc6 36. Qb1 e5 37. Ne2 Nf6 38. Kh2 Nxe4 39. Bxe4 d5 40. Bg2 Qf6 41. Qd3 d4 42. exd4 exd4 43. Nf4 Bf5 44. Be4 Be6 45. Bxb7 Bf7 46. Be4 Kg8 47. Qb5 Qe5 48. Bd5 Bxd5 49. Qxd5+ Qxd5 50. Nxd5 Kf7 51. Kg2 Ke6 52. Nf4+ Kf5 53. Kf2 Ke4 54. Ke2 Be5 55. b5 Bxf4 56. gxf4 Kxf4 57. a4 Ke4 58. a5 Kd5 59. b6 axb6 60. a6 Kc6 61. Kf2 b5 0-1

[Event "POR-ch Apuramento"]
[Site "Portugal"]
[Date "2003.??.??"]
[Round "5"]
[White "Oliveira, Marco Alexandre Aze"]
[Black "Reis, Luis Sousa"]
[Result "0-1"]
[WhiteElo "2160"]
[BlackElo "2245"]
[PlyCount "82"]
[EventDate "2003.??.??"]
[EventType "swiss"]
[EventRounds "9"]
[EventCountry "POR"]
[SourceTitle "EXT 2007"]
[Source "ChessBase"]
[SourceDate "2006.11.23"]
[SourceVersion "1"]
[SourceVersionDate "2006.11.23"]
[SourceQuality "1"]

1. Nf3 Nf6 2. d4 c5 3. dxc5 e6 4. Be3 Na6 5. g3 Nxc5 6. Bg2 b6 7. 0-0 Bb7 8. Nbd2 Rc8 9. Nb3 Be7 10. c3 0-0 11. Nxc5 bxc5 12. Bf4 d6 13. c4 Qb6 14. Qb3 Qa6 15. Nd2 Bxg2 16. Kxg2 Rb8 17. Qc2 Qb7+ 18. Kg1 Qxb2 19. Qa4 Qb7 20. Rab1 Qd7 21. Qc2 Nh5 22. e4 Nxf4 23. gxf4 d5 24. Rb3 Rxb3 25. axb3 dxe4 26. Nxe4 Rd8 27. Ng3 Bf6 28. Qa2 Bd4 29. Qa5 Rb8 30. Ne4 Qc6 31. Ng3 Qb6 32. Qa4 Qb7 33. Qa5 g6 34. f5 gxf5 35. Qd2 Kh8 36. Rd1 Qf3 37. Qe2 Bxf2+ 38. Qxf2 Qxd1+ 39. Kg2 Qd4 40. Qa2 f4 41. Qxa7 Rg8 0-1

[Event "Lisbon op"]
[Site "Lisbon"]
[Date "2001.08.21"]
[Round "1"]
[White "Oliveira, Marco Alexandre Aze"]
[Black "Marino, Olivier"]
[Result "0-1"]
[WhiteElo "2171"]
[BlackElo "2034"]
[PlyCount "102"]
[EventDate "2001.08.21"]
[EventType "swiss"]
[EventRounds "9"]
[EventCountry "POR"]
[SourceTitle "EXT 2002"]
[Source "ChessBase"]
[SourceDate "2001.11.25"]
[SourceVersion "1"]
[SourceVersionDate "2001.11.25"]
[SourceQuality "1"]

1. Nf3 Nf6 2. d4 g6 3. c4 Bg7 4. Nc3 0-0 5. e4 d6 6. Be2 e5 7. 0-0 Nc6 8. d5 Ne7 9. Ne1 Ne8 10. Be3 f5 11. f3 f4 12. Bf2 h5 13. b4 g5 14. Nd3 Ng6 15. c5 Rf7 16. a4 Bf8 17. a5 Rg7 18. b5 g4 19. fxg4 Qg5 20. g3 hxg4 21. Qd2 Rh7 22. gxf4 exf4 23. Bg3 Bg7 24. Nxf4 dxc5 25. Rad1 Bd4+ 26. Kg2 Nh4+ 27. Kh1 Nf3 28. Bxf3 gxf3 29. Rxf3 Bg4 30. Rdf1 Bxf3+ 31. Rxf3 Nf6 32. Qc2 Qg4 33. Qd3 Bxc3 34. Qxc3 Nxe4 35. Qd3 Re8 36. Ne6 c4 37. Qe3 c3 38. Kg2 Rf7 39. Rxf7 Kxf7 40. Qf4+ Qxf4 41. Bxf4 c2 42. Nxc7 Rc8 43. b6 axb6 44. axb6 Nc5 45. Nb5 Rg8+ 46. Kf3 Rg1 47. Be3 c1Q 48. Bxc1 Rxc1 49. Ke3 Rb1 50. Nd6+ Ke7 51. Nc4 Nd7 0-1

[Event "Honra Ginasio C Sul 2"]
[Site "Cova da Piedade"]
[Date "2001.07.26"]
[Round "8"]
[White "Oliveira, Marco Alexandre Aze"]
[Black "Figueiredo, Mario Jose da Roch"]
[Result "1/2-1/2"]
[WhiteElo "2174"]
[BlackElo "2000"]
[PlyCount "99"]
[EventDate "2001.07.??"]
[EventType "tourn"]
[EventRounds "9"]
[EventCountry "POR"]
[SourceTitle "EXT 2003"]
[Source "ChessBase"]
[SourceDate "2002.11.25"]
[SourceVersion "1"]
[SourceVersionDate "2002.11.25"]
[SourceQuality "1"]

1. Nf3 f5 2. d4 Nf6 3. g3 g6 4. c4 Bg7 5. Nc3 0-0 6. Bg2 c6 7. 0-0 h6 8. Qc2 d6 9. Nh4 Qe8 10. e4 fxe4 11. Nxe4 g5 12. Nxg5 hxg5 13. Ng6 Nh7 14. Nxf8 Qxf8 15. Be4 Nf6 16. Bxg5 Nxe4 17. Qxe4 e5 18. Be3 Bf5 19. Qh4 Nd7 20. Rad1 Nf6 21. dxe5 dxe5 22. Rfe1 Bg4 23. Rd2 Bf3 24. Bg5 e4 25. Qf4 Qc8 26. g4 Qxg4+ 27. Qxg4 Nxg4 28. Bf4 Rf8 29. Bg3 Ne5 30. Rd6 Nxc4 31. Rd7 c5 32. b3 Nb2 33. Rxg7+ Kxg7 34. Be5+ Kf7 35. Bxb2 Rd8 36. Be5 Rd2 37. a4 Ke6 38. Bb8 a6 39. h4 b5 40. axb5 axb5 41. Rc1 Rd1+ 42. Rxd1 Bxd1 43. Ba7 Kd5 44. Kf1 Bxb3 45. h5 Kd4 46. h6 Bg8 47. Ke1 b4 48. Kd2 Bh7 49. Bb6 b3 50. Kc1 1/2-1/2

[Event "Lisbon op 6th"]
[Site "Lisbon"]
[Date "2000.11.25"]
[Round "8"]
[White "Leite Oralova, Catarina"]
[Black "Oliveira, Marco Alexandre Aze"]
[Result "1-0"]
[WhiteElo "2089"]
[BlackElo "2197"]
[PlyCount "57"]
[EventDate "2000.11.18"]
[EventType "swiss"]
[EventRounds "9"]
[EventCountry "POR"]
[SourceTitle "CBM 079 Extra"]
[Source "ChessBase"]
[SourceDate "2001.01.11"]
[SourceVersion "2"]
[SourceVersionDate "2001.01.25"]
[SourceQuality "1"]

1. e4 c5 2. c3 d5 3. exd5 Qxd5 4. d4 cxd4 5. cxd4 Nc6 6. Nf3 Bg4 7. Be2 Nf6 8. Nc3 Qd8 9. 0-0 e6 10. h3 Bh5 11. Qb3 Qb6 12. Qxb6 axb6 13. Rd1 0-0-0 14. Be3 Nb4 15. Rac1 Kb8 16. d5 Nbxd5 17. Nxd5 Nxd5 18. Bxb6 Rc8 19. Ba7+ Kxa7 20. Rxc8 Ne7 21. Rc5 Nd5 22. Rc8 Ne7 23. Rc4 Nc6 24. Rd7 Kb6 25. Rc3 Na5 26. Rc8 Nc6 27. b4 g5 28. b5 Na5 29. Rdd8 1-0

[Event "Lisbon op 6th"]
[Site "Lisbon"]
[Date "2000.11.20"]
[Round "3"]
[White "Oliveira, Marco Alexandre Aze"]
[Black "Ibragimov, Ildar"]
[Result "0-1"]
[WhiteElo "2197"]
[BlackElo "2575"]
[PlyCount "64"]
[EventDate "2000.11.18"]
[EventType "swiss"]
[EventRounds "9"]
[EventCountry "POR"]
[SourceTitle "CBM 079 Extra"]
[Source "ChessBase"]
[SourceDate "2001.01.11"]
[SourceVersion "2"]
[SourceVersionDate "2001.01.25"]
[SourceQuality "1"]

1. Nf3 Nf6 2. d4 e6 3. c4 b6 4. g3 Ba6 5. b3 Bb7 6. Bg2 Bb4+ 7. Bd2 a5 8. a3 Be7 9. Nc3 0-0 10. 0-0 d5 11. Ne5 Na6 12. cxd5 exd5 13. Bg5 c5 14. e3 Nc7 15. Qd2 Re8 16. Rfd1 cxd4 17. exd4 Ne4 18. Nxe4 dxe4 19. Be3 Bf8 20. Bf1 f6 21. Nc4 Nd5 22. Qb2 b5 23. Nd2 Bc6 24. Rdc1 Qd7 25. Nb1 b4 26. Bc4 Kh8 27. Bxd5 Bxd5 28. a4 Bf7 29. Nd2 Bh5 30. Rc4 Be2 31. Rcc1 Qh3 32. Kh1 Rad8 0-1